000 00484nam a2200181Ia 4500
008 151202s9999||||xx |||||||||||||| ||und||
082 _bPNVM-55798
100 _aभावे पु.भा.
245 _aरुप.
260 _b"मेनका प्रकाशन,पुणे."
260 _c1977
300 _a144
600 _aभावे पु.भा.
630 _aरुप.
700 _aभावे पु.भा.
730 _aरुप.
942 _cBOOK
999 _c1322336
_d1322333